<?xml version="1.0" encoding="UTF-8"?>
<collection xmlns="http://www.loc.gov/MARC21/slim">
    <record>
        <controlfield tag="001">84640</controlfield>
        <controlfield tag="005">20191111224555.0</controlfield>
        <datafield tag="024" ind1="7" ind2=" ">
            <subfield code="2">doi</subfield>
            <subfield code="a">10.26754/CINAIC.2019.0125</subfield>
        </datafield>
        <datafield tag="037" ind1=" " ind2=" ">
            <subfield code="a">COMPON-2019-CINAIC-0125</subfield>
        </datafield>
        <datafield tag="041" ind1=" " ind2=" ">
            <subfield code="a">spa</subfield>
        </datafield>
        <datafield tag="100" ind1=" " ind2=" ">
            <subfield code="a">Toro Pèrez, Gloria Patricia</subfield>
            <subfield code="u">Universidad EAFIT, Colombia</subfield>
        </datafield>
        <datafield tag="245" ind1=" " ind2=" ">
            <subfield code="a">Saber Digital: un ecosistema de innovación educativa</subfield>
        </datafield>
        <datafield tag="260" ind1=" " ind2=" ">
            <subfield code="c">2019</subfield>
        </datafield>
        <datafield tag="506" ind1=" " ind2=" ">
            <subfield code="a">Access copy available to the general public</subfield>
            <subfield code="f">Unrestricted</subfield>
        </datafield>
        <datafield tag="520" ind1="3" ind2=" ">
            <subfield code="a">El presente trabajo describe PLAN SABER DIGITAL el cual tiene como objetivo desarrollar capacidades y competencias que permitan la transformación permanente de los ambientes de aprendizaje, mediante el acompañamiento a las instituciones educativas en la puesta en marcha de acciones innovadoras, que integran el uso de las tecnologías digitales. Este proceso de intervención se viene desarrollando con cerca de 383 instituciones educativas, beneficiando de manera directa a cerca de 800 directivos docentes, a más de 10000 docentes, y más de 4000 estudiantes líderes. Este PLAN trabaja en el fortalecimiento de los ambientes de aprendizaje mediante el uso de tecnologías digitales y medios educativos, por medio de las dimensiones del modelo de innovación educativa con uso de TIC, UbiTAG , en el cual se articulan la tecnología, el aprendizaje y la gestión para promover escenarios y procesos de innovación escolar. </subfield>
        </datafield>
        <datafield tag="540" ind1=" " ind2=" ">
            <subfield code="9">info:eu-repo/semantics/openAccess</subfield>
            <subfield code="a">by-nc-nd</subfield>
            <subfield code="u">http://creativecommons.org/licenses/by-nc-nd/3.0/es/</subfield>
        </datafield>
        <datafield tag="655" ind1=" " ind2="4">
            <subfield code="a">Comunicación</subfield>
        </datafield>
        <datafield tag="700" ind1=" " ind2=" ">
            <subfield code="a">Mondragon Sierra,  Carol</subfield>
            <subfield code="u">Secretaría De Educación del DistritoBogotá, Colombia</subfield>
        </datafield>
        <datafield tag="700" ind1=" " ind2=" ">
            <subfield code="a">Sànchez Corredor, Jonathan Andrès</subfield>
            <subfield code="u">Secretaría De Educación del DistritoBogotá, Colombia</subfield>
        </datafield>
        <datafield tag="773" ind1=" " ind2=" ">
            <subfield code="d">Zaragoza</subfield>
            <subfield code="g">Aprendizaje, Innovación y Cooperación como impulsores del cambio metodológico. Actas del V Congreso Internacional sobre Aprendizaje, Innovación y Cooperación. CINAIC 2019 (9-11 de Octubre de 2019, Madrid, España)</subfield>
        </datafield>
        <datafield tag="856" ind1="4" ind2=" ">
            <subfield code="s">1517355</subfield>
            <subfield code="u">http://zaguan.unizar.es/record/84640/files/125.pdf</subfield>
        </datafield>
        <datafield tag="909" ind1="C" ind2="O">
            <subfield code="o">oai:zaguan.unizar.es:84640</subfield>
            <subfield code="p">comunicaciones-ponencias</subfield>
        </datafield>
        <datafield tag="970" ind1=" " ind2=" ">
            <subfield code="a">COMPON-2019-CINAIC-0125</subfield>
        </datafield>
        <datafield tag="980" ind1=" " ind2=" ">
            <subfield code="a">COMPON</subfield>
        </datafield>
    </record>

    
</collection>